000 00652nam a2200205Ia 4500
003 BUBTL
008 151213s9999 xx 000 0 und d
082 _a340.54/ Sh634r/ 2007
100 _a সিংহ, রামকান্ত
_94776
245 _aরোমান আইন :
_cরামকান্ত সিংহ
250 _a৫ম
260 _aঢাকা
_bরাজু আহমেদ মাছুম
_cc2007
300 _a518p . :
_b22 cm
650 _aLaw
650 _aLaw
700 _aরামকান্ত সিংহ
_94777
856 _k0
_l0
_yDownload
942 _2ddc
_cBK
999 _c3149
_d3149